Loreto College Library, Kolkata
WEBOPAC (ONLINE PUBLIC ACCESS CATALOGUE)

Renaisanser aloy Banga darshan (Record no. 42379)

MARC details
000 -LEADER
fixed length control field 00545nam a22002057a 4500
005 - DATE AND TIME OF LATEST TRANSACTION
control field 20221126113548.0
008 - FIXED-LENGTH DATA ELEMENTS--GENERAL INFORMATION
fixed length control field 190821b xxu||||| |||| 00| 0 eng d
020 ## - ISBN | অাই এস বি এন
ISBN | অাই এস বি এন 9788173323539
PRICE Rs.575.00
040 ## - CATALOGING SOURCE
Original cataloging agency Loreto College
041 ## - LANGUAGE CODE
Language code Bengali
082 ## - DDC | ডিউই
Classification number | বর্গসংখ্যা 954.14
Book Number | গ্রন্থাঙ্ক MUK
100 ## - MAIN ENTRY--PERSONAL NAME | মুখ্য সংলেখ - ব্যাক্তিনাম
Personal name | ব্যাক্তিনাম Mukhopadhyay,Saktisadhan
245 ## - TITLE STATEMENT | অাখ্যা বিবরণী
Title | অাখ্যা Renaisanser aloy Banga darshan
Statement of responsibility | লেখকের দায়িত্বের বিবরণ Saktisadhan Mukhopadhyay
260 ## - IMPRINT | প্রকাশনা ক্ষেত্র
Place of publication | প্রকাশ স্থান Kolkata
Name of publisher | প্রকাশকের নাম Punascha
Date of publication | প্রকাশ কাল 2019
300 ## - PHYSICAL DESCRIPTION |
Page / Vol. No | পৃষ্ঠা / খন্ড সংখ্যা 400p
Other physical details | অনান্য বাহ্যিক বিবরণ 22cm
504 ## - BIBLIOGRAPHY, ETC. NOTE
Bibliography, etc Includes index
650 ## - SUBJECT ADDED ENTRY--TOPICAL TERM | বিষয় শিরোনাম - মূল বিষয়
Topical term | মূল বিষয় Bengal-History
850 ## - HOLDING INSTITUTION
Holding institution LCLIB
942 ## - ADDED ENTRY ELEMENTS (KOHA)
Koha item type Books
Holdings
Withdrawn status Lost status Source of classification Damaged status Not for loan Home library Current library Date acquired Price Total Checkouts Full call number Accession No. Date last seen Price effective from Koha item type
    Dewey Decimal Classification     Loreto College Loreto College 21/08/2019 575.00   954.14 MUK 53411 46401 21/08/2019 21/08/2019 Books